Tram T2 RTM : bus marseillais - Statistiques

Statistiques générales
  • Ce quiz a été pris 11 fois
  • Le résultat moyen est 11 sur 15
Statistiques - réponses
Indice Arrêt % Correct
©T3-70-82 Arenc le Silo
88%
©M2-T1-67 La Blancarde
88%
©M2-T3-35/t-49-55-82 Joliette
88%
©T3 Belsunce Alcazar
75%
©M1-6-7/b/t Cinq Avenues
75%
©T3 Euroméditérranée Gantès
75%
Foch Boisson
75%
©72 Foch Sakakini
75%
Longchamp
75%
©M1-33-34-49 Réformés Canèbière
75%
©T3-55 République Dames
75%
©T3-55 Sadi Carnot
75%
Canebière Capucins
63%
©M2-T1-81 Canebière Garibaldi
63%
National
63%
Aucun quiz correspondant
Distribution des résultats
% des personnes avec chaque résultat
Percentile par nombre de réponses
Votre historique - résultats
Vous n’avez pas pris ce quiz